Competencias CIE : (Registro nro. 16341)

Detalles MARC
000 -CABECERA
Campo de control de longitud fija 01261nam a2200337 a 4500
001 - NÚMERO DE CONTROL
Campo de control BNC01000000000000001206676
003 - IDENTIFICADOR DEL NÚMERO DE CONTROL
Campo de control CL-SaCFP
005 - FECHA Y HORA DE LA ÚLTIMA TRANSACCIÓN
Campo de control 20260305150907.0
008 - CÓDIGOS DE INFORMACIÓN DE LONGITUD FIJA
Campo de control de longitud fija 220909s2021 cl a b 000 0dspa
015 ## - NÚMERO DE BIBLIOGRAFÍA NACIONAL
Número de bibliografía nacional cl-2021-xxxx
Fuente bcl
020 ## - NÚMERO INTERNACIONAL NORMALIZADO PARA LIBROS (ISBN)
Número Internacional Normalizado para Libros (ISBN) 9789564101057
040 ## - FUENTE DE LA CATALOGACIÓN
Centro catalogador de origen clsabn
Lengua de catalogación spa
Centro transcriptor clsabn
082 04 - NÚMERO DE LA CLASIFICACIÓN DECIMAL DEWEY
Número de clasificación 658.022
Número de documento F363
Número de edición 21
099 ## - LOCAL FREE-TEXT CALL NUMBER (OCLC)
Classification number lbh/20220909
099 ## - LOCAL FREE-TEXT CALL NUMBER (OCLC)
Classification number evp/o/20240607
099 ## - LOCAL FREE-TEXT CALL NUMBER (OCLC)
Classification number mcb/s/20240611
100 1# - PUNTO DE ACCESO PRINCIPAL - NOMBRE DE PERSONA
Nombre de persona Fernández Rojas, Raúl
245 10 - MENCIÓN DE TÍTULO
Título Competencias CIE :
Resto del título (creatividad - innovación - emprendimiento) : del homo erectus al homo innovarum /
Mención de responsabilidad etc. Raúl Fernández Rojas.
246 30 - VARIANTES DE TÍTULO
Título propio / Titulo en breve (Creatividad - innovación - emprendimiento) : del homo erectus al homo innovarum
246 30 - VARIANTES DE TÍTULO
Título propio / Titulo en breve Del homo erectus al homo innovarum
260 ## - PUBLICATION, DISTRIBUTION, ETC. (IMPRINT)
Lugar de publicación distribución etc. [Chile] :
Nombre del editor distribuidor etc. [Editorial no identificada],
Fecha de publicación distribución etc. 2021
Lugar de fabricación (Chile :
Fabricante [Donnebaum])
300 ## - DESCRIPCIÓN FÍSICA
Extensión 142 páginas :
Otras características físicas diagramas ;
Dimensiones 21 cm.
500 ## - NOTA GENERAL
Nota general "Se crea con el espíritu y la mente, se innova con la mente y el cuerpo se emprende con todo el ser". R.F.R. -- Cubierta.
504 ## - NOTA DE BIBLIOGRAFÍA; ETC.
Nota de bibliografía etc. Bibliografía: páginas 140-142.
650 #7 - PUNTO DE ACCESO ADICIONAL DE MATERIA - TÉRMINO DE MATERIA
Término de materia o nombre geográfico como elemento inicial Innovación
650 #7 - PUNTO DE ACCESO ADICIONAL DE MATERIA - TÉRMINO DE MATERIA
Término de materia o nombre geográfico como elemento inicial Aptitud creadora
650 #7 - PUNTO DE ACCESO ADICIONAL DE MATERIA - TÉRMINO DE MATERIA
Término de materia o nombre geográfico como elemento inicial Emprendimiento
650 #7 - PUNTO DE ACCESO ADICIONAL DE MATERIA - TÉRMINO DE MATERIA
Término de materia o nombre geográfico como elemento inicial Éxito en los negocios
942 ## - ENTRADA PARA ELEMENTOS AGREGADOS (KOHA)
Fuente de clasificación o esquema de ordenación en estanterías Dewey Decimal Classification
Koha [por defecto] tipo de item Libros
949 ## - LOCAL PROCESSING INFORMATION (OCLC)
a c
b n
Existencias
Suprimido Estado de pérdida Fuente de clasificación o esquema de ordenación en estanterías Estropeado No para préstamo Código de colección Localización permanente Localización actual Localización en estanterías Fecha de adquisición Fuente de adquisición Préstamos totales Signatura completa Código de barras Fecha última consulta Número de ejemplar Fecha del precio de reemplazo Tipo de item de Koha
    Dewey Decimal Classification     Colección General Biblioteca Central Biblioteca Central Colección General 05/03/2026 DL   658.022 F363 3563000052068 05/03/2026 c.1 05/03/2026 Libros